[Event "FRA-ch U16"]
[Site "Montbeliard"]
[Date "2014.04.23"]
[Round "5"]
[White "Dauxois, Timothee"]
[Black "Flick, Antoine"]
[Result "0-1"]
[WhiteElo "1786"]
[BlackElo "2045"]
[PlyCount "118"]
[EventDate "2014.04.20"]
[EventType "swiss"]
[EventRounds "9"]
[EventCountry "FRA"]
[SourceTitle "CBM 160 Extra"]
[Source "ChessBase"]
[SourceDate "2014.07.01"]
[SourceVersion "1"]
[SourceVersionDate "2014.07.01"]
[SourceQuality "1"]

1. e4 c5 2. Nf3 Nc6 3. d4 cxd4 4. Nxd4 e5 5. Nb3 Nf6 6. f3 d5 7. exd5 Qxd5 8. N1d2 Be7 9. Bc4 Qd8 10. 0-0 0-0 11. Qe2 Bf5 12. c3 Qc7 13. Ne4 Rad8 14. Nxf6+ Bxf6 15. Be3 Rfe8 16. Nd2 Nd4 17. Bxd4 exd4 18. Ne4 Bxe4 19. fxe4 dxc3 20. bxc3 Qe5 21. Rad1 h6 22. Rxd8 Rxd8 23. Rf5 Qxc3 24. Bd5 b6 25. g3 Rc8 26. Bb3 Qd4+ 27. Kg2 Re8 28. Kf3 Re7 29. Rd5 Qc3+ 30. Rd3 Qc7 31. Qd2 Kh7 32. Bd5 g6 33. h4 h5 34. Kg2 Kg7 35. Qd1 Qc5 36. Qd2 Rc7 37. Bb3 Qe5 38. Qe2 Qe8 39. Kf3 Be5 40. Kg2 Qc8 41. Rd5 Qe8 42. Rd3 Qe7 43. Qd2 a6 44. Qe2 b5 45. Qd2 Ra7 46. Rf3 Qe8 47. Qf2 Rd7 48. Bd5 Rc7 49. Bb3 a5 50. Rd3 a4 51. Bd5 Qc8 52. Rd2 f6 53. Qe2 Qb8 54. Rd3 b4 55. Qd1 Qe8 56. g4 hxg4 57. Qxg4 Rc2+ 58. Kf3 Qb5 59. Ke3 Qc5+ 0-1